Pokémon - Les attaques de Corayôme - Statistiques

Statistiques générales
  • Ce quiz a été pris 20 fois
  • Le résultat moyen est 9 sur 14
Statistiques - réponses
Niveaux Types Noms des coups % Correct
Départ Normal Charge
90%
Niveau 25 Spectre Châtiment
90%
Départ Spectre Étonnement
90%
Niveau 20 Roche Pouvoir Antique
90%
Départ Normal Armure
70%
Niveau 15 Spectre Dépit
70%
Niveau 30 Spectre Malédiction
70%
Niveau 45 Spectre Ombre Nocturne
70%
Niveau 40 Roche Rayon Gemme
70%
Niveau 35 Plante Vole-Force
60%
Niveau 50 Spectre Rancune
40%
Départ Normal Entrave
30%
Départ Normal Requiem
30%
Niveau 55 Psy Voile Miroir
10%
Aucun quiz correspondant
Distribution des résultats
% des personnes avec chaque résultat
Percentile par nombre de réponses
Votre historique - résultats
Vous n’avez pas pris ce quiz